He caído tantas veces que el viento es mi maestro / (Registro nro. 11641)

Detalles MARC
000 -LIDER
fixed length control field 00704nam a22002297a 4500
001 - NÚMERO DE CONTROL
Identificador de número de control 000582
003 - IDENTIFICACDOR DE NÚMERO DE CONTROL
control field DO-SdBNP
005 - DATE AND TIME OF LATEST TRANSACTION
control field 20180130103206.0
007 - CAMPOS FIJOS DE DESCRIPCIÓN FÍSICA
fixed length control field 000582
008 - ELEMENTOS DE LONGITUD FIJA
fixed length control field 161020b 2004 ck ||||| |||| 00| 0 spa d
020 ## - ISBN
International Standard Book Number 9587080939
040 ## - FUENTE DE CATALOGACIÓN
Agencia que crea de manera original el registro BPMSU
Idioma de catalogación spa
Agencia que realiza la transcripción BPMSU
082 ## - NÚMERO DE CLASIFICACIÓN DECIMAL DE DEWEY
Classification number xxxx
Item number xxxx
100 1# - ASIENTO PRINCIPAL -- NOMBRE PERSONAL
Nombre personal Cortés, David
245 10 - MENCIÓN DE TITULO
Título He caído tantas veces que el viento es mi maestro /
Mención de responsabilidad David Cortés.
260 ## - PUBLICACIÓN, DISTRIBUCIÓN, ETC. (PIE DE IMPRENTA)
Lugar de publicación, distribución, etc Bucaramanga, Colombia :
Nombre del editor, distribuidor, etc. Sic Editorial,
Fecha de publicación, distribución, etc 2004.
300 ## - DESCRIPCIÓN FÍSICA
Extensión 62 p. ;
Dimensiones 21 cm.
500 ## - NOTA GENERAL
Nota general La biblioteca posee un ejemplar autografiado por el autor.
942 ## - ADDED ENTRY ELEMENTS (KOHA)
Source of classification or shelving scheme Dewey Decimal Classification
Koha item type Libros
945 ## - INFORMACIÓN DE PROCESAMIENTO LOCAL
Información de procesamiento local Inventario extranjero / 2018 VM
956 ## - LOCAL ELECTRONIC LOCATION AND ACCESS (OCLC)
Método de acceso LOPEREZ
Materiales especificados 10
Enlace 20161020
Campo enlazado y núm. de secuencia BPMSU
Nombre de host 00041
Existencias
Withdrawn status Lost status Source of classification or shelving scheme Damaged status Not for loan Collection code Home library Current library Date acquired Source of acquisition Total Checkouts Full call number Barcode Date last seen Price effective from Koha item type
    Dewey Decimal Classification     Colección General Biblioteca Pública Metropolitana Salomé Ureña Biblioteca Pública Metropolitana Salomé Ureña 10/20/2016 David Cortés   xxxx xxxx BPMSU16100312 10/20/2016 10/20/2016 Libros